|
|
|
|
| LEADER |
00000nam0a2200000 4500 |
| 001 |
323060 |
| 005 |
20231102003532.0 |
| 035 |
|
|
|a (RuTPU)RU\TPU\book\348618
|
| 035 |
|
|
|a RU\TPU\book\80137
|
| 090 |
|
|
|a 323060
|
| 100 |
|
|
|a 20161007d1977 km y0rusy50 ca
|
| 101 |
0 |
|
|a rus
|
| 102 |
|
|
|a RU
|
| 105 |
|
|
|a a g 000zy
|
| 200 |
1 |
|
|a Огнеупорные изделия, материалы и сырье
|e справочник
|f Под ред. А. К. Карклита
|
| 205 |
|
|
|a 3-е изд., испр. и доп.
|
| 210 |
|
|
|a Москва
|c Металлургия
|d 1977
|
| 215 |
|
|
|a 215 с.
|c ил.
|
| 606 |
1 |
|
|a Огнеупорное производство
|x Сырье
|2 stltpush
|3 (RuTPU)RU\TPU\subj\35087
|9 56863
|
| 610 |
1 |
|
|a огнеупоры
|
| 610 |
1 |
|
|a огнеупорные изделия
|
| 610 |
1 |
|
|a материалы
|
| 610 |
1 |
|
|a типы
|
| 610 |
1 |
|
|a группы
|
| 610 |
1 |
|
|a порошки
|
| 610 |
1 |
|
|a справочники
|
| 675 |
|
|
|a 666.76(035)
|v 4
|
| 702 |
|
1 |
|a Карклит
|b А. К.
|g Александр Карлович
|4 340
|
| 801 |
|
1 |
|a RU
|b 63413507
|c 20050318
|g PSBO
|
| 801 |
|
2 |
|a RU
|b 63413507
|c 20180709
|g PSBO
|
| 942 |
|
|
|c BK
|